000 01517nam0a2200349 4500
001 RU\NLR\bibl\1351301
005 20260406085528.0
010 _a978-5-7670-1602-0
_91000
021 _aRU
_b2009-8386
_9485
035 _a(nilc)RSL-KNO-004246386
035 _a(NLR Aleph) 001336385
090 _a832838
_c832838
100 _a20090225d2008 |||y0rusy50 ca
101 1 _arus
_cchv
102 _aRU
105 _aa |||||||||
200 1 _aЧувашские легенды и сказки
_e[для детей среднего школьного возраста
_fсост.: Г. А. Матвеева
_gпер. с чуваш. С.И. Шуртакова
_gхудож.: В. Г. Бритвин]
210 _aЧебоксары
_cЧувашское книжное издательство
_d2008
215 _a190, [1] с.
_cцв. ил.
_d27
610 0 _aДетская литература
686 _aШ9(2)3=Чув2-1
_2rubbk
686 _aШ9(2)3=Чув-2
702 1 _4220
_8rus
_7ca
_aМатвеева
_bГ. А.
_cжурналист, редактор изд-ва, поэт
_f1957-
_gГалина Алексеевна
_3RU\NLR\AUTH\77123210
_9106135
702 1 _4440
_8rus
_7ca
_aБритвин
_bВ. Г.
_f1955-2023
_cхудожник
_gВиктор Глебович
_3RU\NLR\AUTH\7755452
_938384
801 0 _aRU
_bРКП
_c20090225
_grcr
801 1 _aRU
_bРГБ
_c20090225
801 2 _aRU
_bNLR
_c20090403
_grcr
942 _cBOOK
980 _aNB